000
002620000a22001090004500
082
0
4
_a
T145a
110
1
_a
Fundación Taller de letras
245
1
0
_a
Viajes y aventuras / Fundación Taller de letras
505
0
0
_a
Revista Literaria No 3
001
2007
942
_c
LGB
999
_c
49157
_d
49157